01703nam a2200325 a 4500001001200000003000800012006001900020007001500039008004100054020001500095020001800110040002100128035002100149050002400170110008700194245031400281260005700595300002300652500018900675504004100864533015200905650003101057655002901088700002901117700002301146700002801169710003701197710001701234856012601251ebr10554794CaPaEBRm u cr cn|||||||||120511s2012 dcua sb 000 0 eng d z0309253896 z9780309253895 aCaPaEBRcCaPaEBR a(OCoLC)79449157414aT173.8b.P36 2012eb2 aPanel on Developing Science, Technology, and Innovation Indicators for the Future.10aImproving measures of science, technology, and innovationh[electronic resource] :binterim report /cPanel on Developing Science, Technology, and Innovation Indicators for the Future, Robert E. Litan, Andrew W. Wyckoff and Kaye Husbands Fealing, editors ; National Research Council of the National Academies. aWashington, D.C. :bNational Academies Press,c2012. axvi, 61 p. :bill. a"Committee on National Statistics Division of Behavioral and Social Sciences and Education ; Board on Science, Technology, and Economic Affairs, Division of Policy and Global Affairs." aIncludes bibliographical references. aElectronic reproduction.bPalo Alto, Calif. :cebrary,d2011.nAvailable via World Wide Web.nAccess may be limited to ebrary affiliated libraries. 0aTechnological innovations. 7aElectronic books.2local1 aLitan, Robert E.,d1950-1 aWyckoff, Andrew W.1 aFealing, Kaye Husbands.2 aNational Research Council (U.S.)2 aebrary, Inc.40uhttp://site.ebrary.com/lib/rucke/Doc?id=10554794zAn electronic book accessible through the World Wide Web; click to view